Groups of Things - Chemical Elements - Statistics

General Stats
  • This quiz has been taken 38 times
  • The average score is 36 of 58
Answer Stats
Hint Answer % Correct
Four Letters Gold
100%
Letter in chemical symbol not in element's English name Gold (Au)
100%
Letter in chemical symbol not in element's English name Silver (Ag)
97%
Starts with "O" Oxygen
94%
Letter in chemical symbol not in element's English name Lead (Pb)
90%
Four Letters Iron
87%
Basic components of stainless steel Iron
87%
Letter in chemical symbol not in element's English name Iron (Fe)
87%
Four Letters Lead
87%
Alkali Metals Potassium
87%
Letter in chemical symbol not in element's English name Potassium (K)
87%
Alkali Metals Lithium
84%
Letter in chemical symbol not in element's English name Copper (Cu)
77%
Named after a country* Copper (Cyprus)
77%
Letter in chemical symbol not in element's English name Tin (Sn)
77%
Letter in chemical symbol not in element's English name Mercury (Hg)
74%
Four Letters Zinc
74%
Alkali Metals Francium
71%
Named after a country* Francium (France)
71%
Named after a country* Germanium (Germany)
71%
Halogens Iodine
71%
Alkali Metals Sodium
68%
Letter in chemical symbol not in element's English name Sodium (Na)
68%
Halogens Chlorine
65%
Discovered at Lawrence Berkeley National Lab Einsteinium
65%
Four Letters Neon
65%
Discovered at Lawrence Berkeley National Lab Berkelium
61%
Basic components of stainless steel Carbon
61%
Halogens Fluorine
61%
Starts with "O" Oganesson
61%
Starts with "O" Osmium
61%
Letter in chemical symbol not in element's English name Tungsten (W)
61%
Letter in chemical symbol not in element's English name Antimony (Sb)
58%
Halogens Bromine
58%
Alkali Metals Cesium
58%
Named after a country* Polonium (Poland)
58%
Discovered at Lawrence Berkeley National Lab Californium
55%
Discovered at Lawrence Berkeley National Lab Plutonium
55%
Discovered at Lawrence Berkeley National Lab Americium
52%
Named after a country* Gallium (France)
48%
Discovered at Lawrence Berkeley National Lab Lawrencium
48%
Discovered at Lawrence Berkeley National Lab Neptunium
48%
Named after a country* Indium (India)
45%
Discovered at Lawrence Berkeley National Lab Mendelevium
45%
Alkali Metals Rubidium
45%
Discovered at Lawrence Berkeley National Lab Curium
42%
Basic components of stainless steel Chromium
39%
Discovered at Lawrence Berkeley National Lab Nobelium
39%
Discovered at Lawrence Berkeley National Lab Seaborgium
39%
Halogens Tennessine
39%
Discovered at Lawrence Berkeley National Lab Astatine
35%
Halogens Astatine
35%
Named after a country* Nihonium (Japan)
35%
Discovered at Lawrence Berkeley National Lab Fermium
32%
Discovered at Lawrence Berkeley National Lab Dubnium
29%
Discovered at Lawrence Berkeley National Lab Rutherfordium
29%
Named after a country* Ruthenium (Russia)
23%
Discovered at Lawrence Berkeley National Lab Technetium
16%
No matching quizzes found
Score Distribution
Percent of People with Each Score
Percentile by Number Answered
Your Score History
You have not taken this quiz